| 000 | 01273cam a22002055a 4500 | ||
|---|---|---|---|
| 001 | L140252 | ||
| 008 | 070912s2007 xxkbo f s 000 0 eng d | ||
| 035 | _a(Sirsi) u140252 | ||
| 041 | 0 | _aeng | |
| 050 | 0 | 4 | _a711.1 $2 18 |
| 110 | 2 |
_aBritish Chambers of Commerce _93684 |
|
| 245 | 0 | 2 |
_aA tale of the cities _bthe best of times? _h[electronic resource] |
| 260 |
_aLondon _bBCC _c2007 |
||
| 520 | _aArgues that in order for the devolution of power to city regions to spread wealth and prosperity across city regions, business must work alongside city councils. These arrangements should be formalised and consist of a transfer of resources and control to sub-regional level. Businesses and local councils should work together to develop transport infrastructure, to provide workforce training and other key development priorities. Presents essays from local Chambers of Commerce in nine key UK cities giving accounts of how this kind of cooperation can deliver regeneration and drive economic success. | ||
| 590 | _aKA | ||
| 651 | 4 |
_aUnited Kingdom _y |
|
| 690 | _aENVIRONMENTAL AND LAND CONSULTANCY-PLANNING AND DEVELOPMENT | ||
| 856 | 4 | 0 |
_uhttps://www.britishchambers.org.uk/zones/policy/reports _zView the item free of charge at www.britishchambers.org.uk |
| 942 | _n0 | ||
| 999 |
_c107459 _d107459 |
||